000 01630cam a2200181 4500500
005 20260329022808.0
041 _afre
042 _adc
100 1 0 _aBaron, Anne-Marie
_eauthor
700 1 0 _aGagneux, Yves
_eauthor
700 1 0 _aLamy, Isabelle
_eauthor
245 0 0 _aNews and information
260 _c2025.
500 _a25
520 _aThis article focuses on Le Tartare ou Le Retour de l’exilé (1822) by Viellerglé, the pseudonym of Auguste Lepoitevin de l’Égreville and Balzac’s first collaborator—assuming the latter contributed to the novel. We first consider the flexibility of the contracts between Lepoitevin and Balzac, postulating the possibility that Balzac took part even in works signed Viellerglé. Then, referring to Balzac’s correspondence, we consider the preparedness of his sister Laure and Eugène Surville to help the novelist with a project compatible with that of Le Tartare. The article then analyzes the prefaces and quotations at the beginning of each chapter, consistent as they are with Balzac’s cultural references at the time. The study also addresses the novel’s affinity for meta-literary reflexivity and the presence of a poetics, albeit rudimentary, of observation and type. We end with an analysis of the thematic continuities between Le Tartare and Balzac’s early novels and the former’s anticipation of themes representative of the novelist’s literary maturity.
786 0 _nL’Année balzacienne | 26 | 1 | 2025-11-13 | p. 381-386 | 0084-6473
856 4 1 _uhttps://shs.cairn.info/journal-lannee-balzacienne-2025-1-page-381?lang=en&redirect-ssocas=7080
999 _c1922645
_d1922645